Kolta. 470-1296 /
| Corporate Author: | Československý vojenský zeměpisný ústav |
|---|---|
| Other Authors: | Solčanský, Josef |
| Language: | Hungarian Slovak Czech |
| Published: |
[Praha] : [Vojenský zeměpisný ústav], [mezi 1937 a 1938?] |
| Series: |
Definitivní vojenské mapování 1:20 000 ;
04/70-12/96, 1937-1938 Mapa Československé republiky 1:20 000 (5 centimetrová) ; 04/70-12/96, 1937-1938 |
| Subjects: | |
| Physical Description: |
1 mapa : fotokopie, černobílá ; 40 x 50 cm, na listu 49 x 60 cm |
| LEADER | 02635nem a2200613 i 4500 | ||
|---|---|---|---|
| 001 | 001892889 | ||
| 003 | CZ BrMZK | ||
| 005 | 20240419074931.0 | ||
| 007 | aj|canbn | ||
| 008 | 240419q19371938xr bk a 0| cze d | ||
| 034 | 1 | |a a |b 20000 |d E0182254 |e E0183127 |f N0480539 |g N0480054 | |
| 040 | |a BOA001 |b cze |e rda | ||
| 041 | 0 | |a cze |a slo |a hun | |
| 043 | |a e-xo--- | ||
| 072 | 7 | |a 623 |x Vojenská technika |2 Konspekt |9 7 | |
| 072 | 7 | |a 912 |x Mapy. Atlasy. Glóby |2 Konspekt |9 7 | |
| 080 | |a 623.64 |2 MRF | ||
| 080 | |a 913(437.6) |2 MRF | ||
| 080 | |a (084.3)528.42 |2 MRF | ||
| 080 | |a (084.3)355/359 |2 MRF | ||
| 080 | |a (084.3.035)904 |2 MRF | ||
| 110 | 2 | |a Československý vojenský zeměpisný ústav |7 kn20030604013 |4 ctg |4 pbl | |
| 245 | 1 | 0 | |a Kolta. |p 470-1296 / |c [Vojenský zeměpisný ústav] ; Topograf: Jos. Solčanský |
| 246 | 3 | |a 04/70-12/96 | |
| 246 | 3 | 0 | |a 470-1296 |
| 255 | |a Měřítko 1:20 000 |b Křovákovo zobrazení |c (E 18°22'54"--E 18°31'27"/N 48°05'39"--N 48°00'54") | ||
| 264 | 1 | |a [Praha] : |b [Vojenský zeměpisný ústav], |c [mezi 1937 a 1938?] | |
| 300 | |a 1 mapa : |b fotokopie, černobílá ; |c 40 x 50 cm, na listu 49 x 60 cm | ||
| 336 | |a kartografický obraz |b cri |2 rdacontent | ||
| 337 | |a bez média |b n |2 rdamedia | ||
| 338 | |a list |b nb |2 rdacarrier | ||
| 490 | 1 | |a [Definitivní vojenské mapování 1:20 000] ; |v 04/70-12/96, 1937-1938 | |
| 490 | 1 | |a Mapa Československé republiky 1:20 000 (5 centimetrová) ; |v 04/70-12/96, 1937-1938 | |
| 500 | |a Jednobarevný otisk | ||
| 500 | |a Fotokopie | ||
| 500 | |a Datováno provedením definitivního mapování oblasti | ||
| 562 | |a Razítko: Státní zeměměřičský a kartografický ústav. Archív |5 CZ-BrMZK | ||
| 650 | 7 | |a vojenská topografie |z Slovensko |7 ph316247 |2 czenas | |
| 650 | 0 | 9 | |a military topography |z Slovakia |2 eczenas |
| 651 | 7 | |a Kolta (Slovensko : oblast) |7 ge1223188 |2 czenas | |
| 651 | 9 | |a Kolta Region (Slovakia) |2 eczenas | |
| 655 | 7 | |a topografické mapy |7 fd809173 |2 czenas | |
| 655 | 7 | |a vojenské mapy |7 fd133817 |2 czenas | |
| 655 | 7 | |a reprodukce starých map |7 fd692820 |2 czenas | |
| 655 | 9 | |a military maps |2 eczenas | |
| 655 | 9 | |a topographic maps |2 eczenas | |
| 655 | 9 | |a reproduction of old maps |2 eczenas | |
| 700 | 1 | |a Solčanský, Josef |4 ctg | |
| 830 | 0 | |a Definitivní vojenské mapování 1:20 000 ; |v 04/70-12/96, 1937-1938 | |
| 830 | 0 | |a Mapa Československé republiky 1:20 000 (5 centimetrová) ; |v 04/70-12/96, 1937-1938 | |
| 910 | |a BOA001 |b Mpa-1515.893,0470-1296-37 | ||
| 990 | |a MP | ||
| 991 | |b 202404 | ||
| 996 | 6 | |b 2610967209 |c Mpa-1515.893,0470-1296-37 |l MZK |r Sklad / do 24 hodin |n 0 |p kup |w 001961693 |u 000010 |a 1 |e BOA001 |j MZK50 |s P | |
English
Čeština 